| 000 | 05630cgm a2201057Ii 4500 | ||
|---|---|---|---|
| 001 | on1005674039 | ||
| 003 | OCoLC | ||
| 005 | 20251218104134.0 | ||
| 007 | vd cvaizq | ||
| 008 | 170928p20172016cau599 e vleng d | ||
| 024 | 1 | _a043396507104 | |
| 024 | 1 | 0 | _a043396519015 |
| 024 | 7 |
_a00043396507104 _2gtin-14 |
|
| 028 | 4 | 1 |
_a50710 _bSony Pictures Home Entertainment |
| 028 | 4 | 1 |
_a51901 _bSony Pictures Home Entertainment |
| 035 |
_a(OCoLC)1005674039 _z(OCoLC)1008981820 _z(OCoLC)1008986094 |
||
| 040 |
_aKYC _beng _erda _cKYC _dOCLCQ _dTEF _dJQM _dPX0 _dTEFMT _dIH9 _dSFR _dINO _dUINTA |
||
| 041 | 1 |
_aeng _afre _ajpn _apor _aspa _heng |
|
| 043 | _ae-uk--- | ||
| 049 | _aUCLB | ||
| 050 | 4 |
_aPN1992.77 _b.C76 2017 |
|
| 082 | 0 | 4 |
_a791.45/75 _223 |
| 092 | _aDVD | ||
| 130 | 0 |
_aCrown (Television program : 2016). _nSeason 1. _95749268 |
|
| 245 | 1 | 4 | _aThe crown. The complete first season / |
| 246 | 3 |
_aCrown. _nThe complete 1st season |
|
| 246 | 3 |
_aCrown. _nFirst season |
|
| 246 | 3 |
_aCrown. _n1st season |
|
| 246 | 3 |
_aCrown. _nSeason one |
|
| 246 | 3 |
_aCrown. _nSeason 1 |
|
| 257 | _aGreat Britain | ||
| 264 | 1 |
_aCulver City, California : _bSony Pictures Home Entertainment, Left Bank Pictures ; Sony Pictures Television ; created by Peter Morgan. _c[2017] |
|
| 300 |
_a4 videodiscs (approximately 599 minutes) : _bsound, color ; _c4 3/4 in. |
||
| 336 | _atwo-dimensional moving image | ||
| 337 | _avideo | ||
| 338 | _avideodisc | ||
| 340 | _b4 3/4 in. | ||
| 500 | _aTitle from disc surface. | ||
| 500 | _aOriginally made available for online streaming by Netflix in 2016. | ||
| 500 | _aSpecial feature: Photo gallery. | ||
| 505 | 0 | _aDisc 1. Wolferton Splash ; Hyde Park Corner ; Windsor -- Disc 2. Act of God ; Smoke and mirrors ; Gelignite -- Disc 3. Scientia Potentia Est ; Pride & Joy -- Disc 4. Assassins ; Gloriana. | |
| 511 | 1 | _aClaire Foy, Matt Smith, Victoria Hamilton, Vanessa Kirby, John Lithgow, Nicholas Rowe, Pip Torrens, Eileen Atkins, Jeremy Northam, Victoria Hamilton, Alex Jennings, Lia Williams, Ben Miles, Greg Wise, Jared Harris, Stephen Dillane. | |
| 520 | _aThe British Empire is in decline, the political world is in disarray, and a young woman takes the throne... a new era is dawning. Queen Elizabeth II is a 25-year-old newlywed faced with the daunting prospect of leading the world's most famous monarchy while forging a relationship with legendary Prime Minister Sir Winston Churchill. | ||
| 521 | 8 | _aMPAA rating:MA Sex and Nudity Violence | |
| 538 | _aDVD, NTSC region 1, anamorphic widescreen (2.00:1) presentation; 5.1 Dolby Digital. | ||
| 546 | _aIn English, French, Japanese, Portuguese, or Spanish; English, Chinese, French, Japanese, Korean, Portuguese, Spanish, or Thai subtitles; English subtitles for the deaf and hard-of-hearing (SDH). | ||
| 600 | 0 | 0 |
_aElizabeth _bII, _cQueen of Great Britain, _d1926- _vDrama. _95749269 |
| 600 | 1 | 0 |
_aChurchill, Winston, _d1874-1965 _vDrama. _95709469 |
| 600 | 0 | 0 |
_aPhilip, _cPrince, consort of Elizabeth II, Queen of Great Britain, _d1921- _vDrama. _95749270 |
| 600 | 0 | 0 |
_aGeorge _bVI, _cKing of Great Britain, _d1895-1952 _vDrama. _95749271 |
| 600 | 0 | 0 |
_aElizabeth, _cQueen, consort of George VI, King of Great Britain, _d1900-2002 _vDrama. _95749272 |
| 600 | 0 | 0 |
_aMargaret, _cPrincess, Countess of Snowdon, _d1930-2002 _vDrama. _95749273 |
| 650 | 0 |
_aWomen _xPolitical activity _zGreat Britain _vDrama. _95749274 |
|
| 650 | 0 |
_aQueens _zGreat Britain _vDrama. _95749275 |
|
| 650 | 0 |
_aPrincesses _zGreat Britain _vDrama. _95749276 |
|
| 650 | 0 |
_aPrime ministers _zGreat Britain _vDrama. _95718433 |
|
| 650 | 0 |
_aMan-woman relationships _vDrama. _95673977 |
|
| 651 | 0 |
_aGreat Britain _xPolitics and government _vDrama. _95749277 |
|
| 651 | 0 |
_aGreat Britain _xHistory _y20th century _vDrama. _95749278 |
|
| 651 | 0 |
_aGreat Britain _xHistory _yElizabeth II, 1952- _vDrama. _95749279 |
|
| 655 | 7 |
_aTelevision series. _2lcgft |
|
| 655 | 7 |
_aHistorical television programs. _2lcgft |
|
| 655 | 7 |
_aBiographical television programs. _2lcgft _9102651 |
|
| 655 | 7 |
_aFiction television programs. _2lcgft _95673656 |
|
| 655 | 7 |
_aVideo recordings for the hearing impaired. _2lcgft |
|
| 700 | 1 |
_aMorgan, Peter, _d1963- _ecreator. _973843 |
|
| 700 | 1 |
_aFoy, Claire, _d1984- _eactor. _95994150 |
|
| 700 | 1 |
_aSmith, Matt, _d1982- _eactor. _95747685 |
|
| 700 | 1 |
_aHamilton, Victoria, _d1971- _eactor. _95994151 |
|
| 700 | 1 |
_aKirby, Vanessa, _eactor. _95915128 |
|
| 700 | 1 |
_aLithgow, John, _d1945- _eactor. _929919 |
|
| 700 | 1 |
_aRowe, Nicholas, _d1966- _eactor. _948859 |
|
| 700 | 1 |
_aTorrens, Pip, _d1960- _eactor. _95801229 |
|
| 700 | 1 |
_aAtkins, Eileen, _d1934- _eactor. _977502 |
|
| 700 | 1 |
_aNortham, Jeremy, _d1961- _eactor. _958498 |
|
| 700 | 1 |
_aJennings, Alex, _eactor. _962764 |
|
| 700 | 1 |
_aWilliams, Lia, _eactor. _95994152 |
|
| 700 | 1 |
_aMiles, Ben, _eactor. _973157 |
|
| 700 | 1 |
_aWise, Greg, _d1966- _eactor. _958710 |
|
| 700 | 1 |
_aHarris, Jared, _d1961- _eactor. _976612 |
|
| 700 | 1 |
_aDillane, Stephen, _d1956- _eactor. |
|
| 710 | 2 |
_aLeft Bank Pictures, _eproduction company. _95749244 |
|
| 710 | 2 |
_aSony Pictures Television, _eproduction company. _970830 |
|
| 710 | 2 |
_aNetflix (Firm), _ebroadcaster. |
|
| 710 | 2 |
_aSony Pictures Home Entertainment (Firm), _epublisher. _971947 |
|
| 730 | 0 | 2 |
_aCrown (Television program : 2016). _nSeason 1. _lFrench. _95749287 |
| 730 | 0 | 2 |
_aCrown (Television program : 2016). _nSeason 1. _lJapanese. _95749288 |
| 730 | 0 | 2 |
_aCrown (Television program : 2016). _nSeason 1. _lPortuguese. _95749289 |
| 730 | 0 | 2 |
_aCrown (Television program : 2016). _nSeason 1. _lSpanish. _95749290 |
| 942 |
_2ddc _cR-VIDEO |
||
| 999 |
_c227746 _d227746 |
||